000 01160nam2a2200337 4500
001 RU\NLR\bibl\419416
005 20250622173153.0
010 _a5-09-011009-3
010 _a5-09-011008-5
_bВ пер.
_9100000
021 _aRU
_b2003-27718
_91291
035 _a(NLR Aleph) 000413358
090 _a649133
_c649133
100 _a20030710d2003 |||y0rusy50 ca
101 0 _arus
102 _aRU
105 _aa |||||||||
200 0 _aЧ. 2
210 _d2003
_aБ. м.
215 _a207 с.
_cил., цв. ил.
461 0 _1001RU\NLR\bibl\418794
_12001#$aМир вокруг нас$vЧ. 2
_9645602
_aПлешаков, А. А. (1958 -)
_cМ.
_d2003
_fА.А. Плешаков, Е.А. Крючкова
_nПросвещение
_oУчеб. для 4 кл. нач. шк. : В 2 ч.
_tМир вокруг нас
_y5-09-012009-8
_vЧ. 2
610 0 _a<Мир вокруг тебя>
675 _a373.167.1:5
_v3
_zrus
675 _a5(075.2)
_v3
_zrus
686 _a14.25
_2rugasnti
686 _a20я71
_2rubbk
801 0 _aRU
_bRKP
_c20030710
_gPSBO
801 1 _aRU
_bRKP
_c20030710
801 2 _aRU
_bNLR
_c20031119
_grcr
942 _cBOOK
980 _aNB